| Tag |
First Indicator |
Second Indicator |
Subfields |
| LEADER |
00000cam a22000007a 4500 |
| 001 |
in00000004101 |
| 005 |
20151007051331.0 |
| 008 |
990610s1999 aruab b f000 0 eng d |
| 035 |
|
|
|a (OCoLC)41516531
|
| 035 |
|
|
|9 AJH8570AM
|
| 040 |
|
|
|d GPO
|d DLC
|d MvI
|d UtOrBLW
|
| 043 |
|
|
|a n-us-ar
|
| 049 |
|
|
|a UDOC
|
| 074 |
|
|
|a 0624-B
|
| 086 |
0 |
|
|a I 19.42/4:99-4035
|
| 100 |
1 |
|
|a Joseph, Robert L.
|
| 245 |
1 |
0 |
|a Status of water levels and selected water-quality conditions in the Mississippi River Valley alluvial aquifer in eastern Arkansas, 1998 /
|c by Robert L. Joseph ; prepared in cooperation with the Arkansas Soil and Water Conservation Commission, and the Arkansas Geological Commission.
|
| 264 |
|
1 |
|a Little Rock, Ark. :
|b U.S. Dept. of the Interior, U.S. Geological Survey ;
|c 1999.
|
| 264 |
|
2 |
|a Denver, Colo. :
|b Branch of Information Services [distributor],
|
| 300 |
|
|
|a iii, 54 pages :
|b illustrations, maps ;
|c 28 cm.
|
| 336 |
|
|
|a text
|b txt
|2 rdacontent
|
| 337 |
|
|
|a unmediated
|b n
|2 rdamedia
|
| 338 |
|
|
|a volume
|b nc
|2 rdacarrier
|
| 490 |
1 |
|
|a Water-resources investigations report ;
|v 99-4035
|
| 500 |
|
|
|a Shipping list number: 99-0270-P.
|
| 500 |
|
|
|a Two maps on 2 folded leaves in pocket.
|
| 504 |
|
|
|a Includes bibliographical references (page 21).
|
| 650 |
|
0 |
|a Groundwater
|z Arkansas
|x Quality.
|
| 650 |
|
0 |
|a Water levels
|z Arkansas.
|
| 650 |
|
0 |
|a Groundwater
|z Mississippi River Valley
|x Quality.
|
| 650 |
|
0 |
|a Water levels
|z Mississippi River Valley.
|
| 710 |
2 |
|
|a Arkansas Soil and Water Conservation Commission.
|
| 710 |
2 |
|
|a Arkansas Geological Commission.
|
| 710 |
2 |
|
|a Geological Survey (U.S.)
|
| 830 |
|
0 |
|a Water-resources investigations report ;
|v 99-4035.
|
| 999 |
|
|
|a MARS
|
| 999 |
f |
f |
|s 6965f296-1052-34e3-8dbc-1aa74fea8ba8
|i 07fb1380-5e7a-3b20-ba0e-989fd421c0a4
|t 0
|
| 952 |
f |
f |
|p normal
|a Texas A&M University
|b College Station
|c Sterling C. Evans Library
|d Evans: US Documents (Annex 5th floor)
|t 0
|e I 19.42/4:99-4035
|h Superintendent of Documents classification
|i unmediated -- volume
|m A14824516143
|
| 998 |
f |
f |
|a I 19.42/4:99-4035
|t 0
|l Evans: US Documents (Annex 5th floor)
|